000
00325 a2200133 4500
005
20250625150437.0
020
_a
0-03-022473-X
082
_a
510 DYK
100
_a
DYKE, J.
245
_a
Fundamental of Mathetics
260
_a
New York,
_b
Saunders,
_c
2010
300
_a
xxiii, 795p.; ill, figure, table
_c
26cm
942
_2
ddc
_c
BKS
999
_c
5114
_d
5114